=LDR 00000nam 2200000 4500 =001 INLIS000000000809584 =008 ###################################ind## =035 ##$$a 0010-0825000077 =245 ##$$a Mengoperasikan Komputer / $c Zainal Arifin =084 ##$$a 004 ZAI